| 000 | 00723cam a22002411 4500 | ||
|---|---|---|---|
| 001 | agr12002015 | ||
| 003 | DLC | ||
| 005 | 20260227110934.0 | ||
| 008 | 790313s1912 xx 000 0 eng | ||
| 010 | _aagr12002015 | ||
| 035 | _a(OCoLC)4735947 | ||
| 040 |
_aDLC _cOCl _dDLC |
||
| 042 | _apremarc | ||
| 050 | 0 | 0 |
_aS591 _b.A12 no. 85 |
| 051 |
_aS599.U5 _bC7 _cCopy 2. |
||
| 100 | 1 |
_aCoffey, George Nelson, _d1875- |
|
| 245 | 0 | 2 | _aA study of the soils of the United States. |
| 260 |
_aWashington, _bGovt. Print. Off., _c1912. |
||
| 300 |
_a114 p. _bfold. map. (in pocket) _c23 cm. |
||
| 410 | 1 | 0 |
_aUnited States. _bBureau of Soils. _tBulletin _vno. 85 |
| 504 | _aBibliography: p. 100-114. | ||
| 650 | 0 |
_aSoils _zUnited States. |
|
| 999 |
_c8154 _d8154 |
||